Nuevos acercamientos a los jóvenes y la lectura

Đã lưu trong:
Chi tiết về thư mục
Tác giả chính: Petit, Michèle (Tác giả)
Định dạng: Sách
Ngôn ngữ:Tiếng Tây Ban Nha
Được phát hành: Ciudad de México Fondo de Cultura Económica 1999
Loạt:Colección Espacios para la Lectura
Những chủ đề:
Các nhãn: Thêm thẻ
Không có thẻ, Là người đầu tiên thẻ bản ghi này!

MARC

LEADER 00000nam a2200000 a 4500
001 UCP6141
003 CL-VaPUC
008 991008e19990000MX |||||||||||||||||spa|d
082 0 4 |a 372.4  |b PET  |2 21 
100 0 |a Petit, Michèle  |e author  |9 435013 
245 1 0 |a Nuevos acercamientos a los jóvenes y la lectura 
300 |a 199 p 
942 |c BK 
945 |d 19991008 00:00:00  |a vberengu 
260 |a Ciudad de México  |b Fondo de Cultura Económica  |c 1999 
650 7 |a BIBLIOTECARIO  |2 CL-VaPUC  |9 435014 
650 0 |a Enseñanza de la lectura  |9 308364 
650 7 |a HABITO DE LECTURA  |2 CL-VaPUC  |9 334231 
650 0 |a Lectura  |9 307634 
650 0 |a Orientación para la lectura  |9 334506 
651 0 |a América Latina   |9 255027 
583 |a last modification  |c 19991008 00:00:00  |k Rodrigo Vera 
490 0 |a Colección Espacios para la Lectura 
999 |c 283757  |d 283755 
952 |0 0  |1 0  |4 0  |6 372_400000000000000_PET_1999  |7 0  |8 A  |9 327196  |a FDOPOS  |b FDOPOS  |d 2019-11-20  |i 3548414  |o 372.4 PET 1999  |p 3548414  |r 2025-01-22  |w 2019-11-20  |y BK  |k MLA